000 00779nas a2200253 4500
001 BR9800048
003 BR-BrBNA
005 20231205100656.0
007 ta
008 230509b bl.|||p| |||| 00| 00por d
040 _aBR-BrBNA
_bpor
_cBiblioteca Nacional de Agricultura
041 _a(Pt)
072 _aF30
100 1 _aXavier, A.
100 1 _aBorges, R. de C.G.
100 1 _aCruz, C.D.
100 1 _aCecon, P.R.
245 1 _aAplicacao da analise multivariada da divergencia genetica no melhoramento de Eucalyptus spp.
650 _aEucalipto
650 _aMelhoramento Genetico Vegetal
773 0 _tRevista Arvore (Brazil)
_xISSN 0100-6762
_g(Oct-Dec 1996), v. 20(4) p. 495-505
_wBR9800048
909 _a202311
_bLúcia
_c55
_dLúcia Elande
942 _2AGRIS
_n0
_cANA
999 _c157404
_d157404